| 000 | 00601nam a2200193 a 4500 | ||
|---|---|---|---|
| 003 | MX-MxUPN | ||
| 005 | 20240619063652.0 | ||
| 008 | 991125q1930 mx a r 000 0 spa d | ||
| 035 | _aUPN01000000253 | ||
| 040 |
_aMX-MxUPN _bspa _cMX-MxUPN |
||
| 041 | 0 | _aspa | |
| 050 | 1 | 4 |
_aLB1585 M63 _bL82 |
| 100 | 1 |
_aLuque S., Alberto _931466 |
|
| 245 | 1 | 0 |
_aAcademias : _bprograma desarrollado : ciencias naturales 3er. año |
| 260 |
_aMéxico : _bEditora Escolar, _c[1930?]. |
||
| 300 |
_a47 páginas : _bilustraciones |
||
| 650 | 4 |
_aCiencias naturales _xEstudio y enseñanza (Elemental) _92812 |
|
| 942 |
_2lcc _cLIBRO |
||
| 999 |
_c253 _d253 |
||